Every city in Guinea-Bissau - Statistics

General Stats
  • This quiz has been taken 5 times
  • The average score is 3 of 33
Answer Stats
City Population % Correct
B Bissau 387,909
100%
B Bafatá 29,556
50%
G Gabú 43,556
50%
B Bissorã 9,898
25%
C Canchungo 12,044
25%
B Bambadinca 6,723
0%
B Bedanda 691
0%
B Bolama 5,026
0%
B Buba 7,898
0%
B Bubaque 4,484
0%
B Bula 9,010
0%
C Cacheu 5,891
0%
C Cacine 1,016
0%
C Caió 1,234
0%
C Catió 1,234
0%
C Contuboel 4,298
0%
E Empada 2,365
0%
F Farim 9,005
0%
F Fulacunda 1,592
0%
I Ingoré 8,107
0%
K Komo 1,242
0%
M Mansaba 5,262
0%
M Mansôa 8,313
0%
N Nhacra 1,735
0%
P Piche 4,989
0%
P Pirada 2,629
0%
P Prabis 2,844
0%
Q Quebo 5,454
0%
Q Quinhámel 5,825
0%
S Safim 2,817
0%
S São Domingos 5,297
0%
S Sonaco 2,429
0%
T Tite 979
0%
No matching quizzes found
Score Distribution
Percent of People with Each Score
Percentile by Number Answered
Your Score History
You have not taken this quiz